Wetware /

Bibliographic Details
Main Author: Rucker, Rudy v. B. (Rudy von Bitter), 1946-
Format: Book
Language:English
Published: New York : Avon Books, [1988]

MARC

Tag First Indicator Second Indicator Subfields
LEADER 00000cam a2200000 a 4500
001 in00000015532
005 20151007052533.0
008 880511s1988 nyu 00011 eng d
010 |a  87091688  
020 |a 0380701782 
035 |a (OCoLC)17936146 
035 |9 AAA8202AM 
040 |a TXA  |c TXA  |d UtOrBLW 
049 |a TXAM [Also in] [Sp Coll]  |c 1 [A11709062]  |a TXAS  |c 2 [A09876308] 
050 4 |a PS3568.U298  |b W4 1988 
100 1 |a Rucker, Rudy v. B.  |q (Rudy von Bitter),  |d 1946- 
245 1 0 |a Wetware /  |c Rudy Rucker. 
264 1 |a New York :  |b Avon Books,  |c [1988] 
264 4 |c ©1988 
300 |a 8 unnumbered pages, 183 pages ;  |c 18 cm. 
336 |a text  |b txt  |2 rdacontent 
337 |a unmediated  |b n  |2 rdamedia 
338 |a volume  |b nc  |2 rdacarrier 
999 |a MARS 
999 f f |s e960f597-3b3e-3bea-b44c-4459b26b9254  |i 94593e93-146f-3bda-b684-f9df6725aed3  |t 0 
952 f f |p ric  |a Texas A&M University  |b Rellis Campus  |c Joint Library Facility  |s JLF  |d Remote Storage  |t 0  |e PS3568.U298 W4 1988  |h Library of Congress classification  |i unmediated -- volume  |m A14811709062 
998 f f |a PS3568.U298 W4 1988  |t 0  |l Remote Storage